| 000 -ლიდერი |
| ფიქსირებული სიგრძის საკონტროლო ველი |
01515nam a2200277Ia 4500 |
| 001 - საკონტროლო ნომერი |
| საკონტროლო ველი |
23211 |
| 003 - საკონტროლო ნომრის იდენტიფიკატორი |
| საკონტროლო ველი |
GE_BSU |
| 005 - ბოლო ოპერაციის თარიღი და დრო |
| საკონტროლო ველი |
20251015213215.0 |
| 008 - ფიქსირებული სიგრძის მონაცემთა ელემენტები - ზოგადი ინფორმაცია |
| ფიქსირებული სიგრძის საკონტროლო ველი |
181216s1956||||ge |||||||||||||| ||geo|| |
| 040 ## - კატალოგიზაციის წყარო |
| Transcribing agency |
GE_BSU |
| 041 ## - ენის კოდი |
| Language code of text/sound track or separate title |
geo |
| 080 ## - უნივერსალური ათობითი კლასიფიკაციის ინდექსი |
| Universal Decimal Classification number |
94(479.22.25)+325.8(479.22.25) ა-97 |
| 100 ## - მთავარი ჩანაწერი - პიროვნების სახელი |
| Personal name |
ახვლედიანი, ხ. |
| 9 (RLIN) |
26037 |
| 245 ## - ცნობა სათაურის შესახებ |
| Title |
სახალხო-განმანთავისუფლებელი ბრძოლის ისტორიიდან სამხრეთ საქართველოში / |
| Statement of responsibility, etc |
ხ. ახვლედიანი ; რედაქტორი მ. დუმბაძე ; |
| 264 ## - წარმოების, გამოცემის, დისტრიბუციის და სხვა ცნობები |
| გამოცემის, წარმოების, დისტრიბუციის... ადგილი |
ბათუმი : |
| გამოცემის, წარმოების, დისტრიბუციის... სახელწოდება |
სახელმწიფო გამ-ბა, |
| გამოცემის, წარმოების, დისტრიბუციის... თარიღი |
1956. |
| 300 ## - ფიზიკური აღწერა |
| Extent |
299 გვ. : |
| Other physical details |
ილ. ; |
| Dimensions |
22 სმ. |
| 500 ## - ზოგადი შენიშვნა |
| General note |
ახლავს ჰაიდარ აბაშიძის მინაწერი
|
| 501 ## - შენიშვნა თანმხლებ მასალაზე |
| With note |
ახლავს ირაკლი ანდღულაძის მინაწერი |
| 504 ## - BIBLIOGRAPHY, ETC. NOTE |
| Bibliography, etc |
ბიბლიოგრ. შენიშვნებში |
| 653 ## - INDEX TERM--UNCONTROLLED |
| Uncontrolled term |
ისტორია |
| 653 ## - INDEX TERM--UNCONTROLLED |
| Uncontrolled term |
სამხრეთ საქართველოს ისტორია |
| 653 ## - INDEX TERM--UNCONTROLLED |
| Uncontrolled term |
სახალხო-განმათავისუფლებელი ბრძოლა სამხრეთ საქართველოში |
| 700 ## - ADDED ENTRY--PERSONAL NAME |
| Personal name |
დუმბაძე, მ. |
| Relator term |
რედაქტორი |
| 9 (RLIN) |
26038 |
| 942 ## - ADDED ENTRY ELEMENTS (KOHA) |
| Koha item type |
წიგნი |
| Source of classification or shelving scheme |
|